00843nam a22002657a 45000010005000000030006000050050017000110080041000280200018000690400029000870500017001160820012001331000025001452450054001702500041002242600031002653000056002965050007003525200096003595210018004555210018004736500038004916500019005297000029005488012FISKH20250819115143.0250819b cb ||||| |||| 00| 0 eng d a9780531071397 aFISKHbengcFISKHdFISKH aPZ7.P63123 P a741.642 aPilkey, Davd(1966-) aThe paperboy /cStory and Paintings by Dav Pilkey aThis edition first published in 2004 aNew York :bOrchard,c1996 a30 unnumbered pages :bcolor illustrations ;c26 cm aN  aA paperboy and his dog enjoy the quiet of the early morning as they go about their rounds. 8 a530 bLexile 8 aN bRaz-Plus  2Community helpersaResponsibility 2PaperboyaJobs aPilkey, Davdillustrator